<?xml version="1.0" encoding="UTF-8"?>
<record
    xmlns:xsi="http://www.w3.org/2001/XMLSchema-instance"
    xsi:schemaLocation="http://www.loc.gov/MARC21/slim http://www.loc.gov/standards/marcxml/schema/MARC21slim.xsd"
    xmlns="http://www.loc.gov/MARC21/slim">

  <leader>00762nam a22001817a 4500</leader>
  <datafield tag="999" ind1=" " ind2=" ">
    <subfield code="c">61482</subfield>
    <subfield code="d">61482</subfield>
  </datafield>
  <controlfield tag="005">20240319122812.0</controlfield>
  <controlfield tag="008">240319s1977    ru ||||| |||| 00| 0 rus d</controlfield>
  <datafield tag="041" ind1=" " ind2=" ">
    <subfield code="a">rus</subfield>
  </datafield>
  <datafield tag="080" ind1=" " ind2=" ">
    <subfield code="a">94(477.75) C-45</subfield>
  </datafield>
  <datafield tag="100" ind1=" " ind2=" ">
    <subfield code="a">&#x421;&#x43A;&#x440;&#x436;&#x438;&#x43D;&#x441;&#x43A;&#x430;&#x44F;,   &#x41C;.&#x412;.</subfield>
    <subfield code="9">21465</subfield>
  </datafield>
  <datafield tag="245" ind1=" " ind2=" ">
    <subfield code="a">&#x421;&#x435;&#x432;&#x435;&#x440;&#x43D;&#x43E;&#x435; &#x41F;&#x440;&#x438;&#x447;&#x435;&#x440;&#x43D;&#x43E;&#x43C;&#x43E;&#x440;&#x44C;&#x435; &#x432; &#x43E;&#x43F;&#x438;&#x441;&#x430;&#x43D;&#x438;&#x438; &#x41F;&#x43B;&#x438;&#x43D;&#x438;&#x44F; &#x421;&#x442;&#x430;&#x440;&#x448;&#x435;&#x433;&#x43E; /</subfield>
    <subfield code="c"> &#x41C;.&#x412;. &#x421;&#x43A;&#x440;&#x436;&#x438;&#x43D;&#x441;&#x43A;&#x430;&#x44F;.</subfield>
  </datafield>
  <datafield tag="264" ind1=" " ind2=" ">
    <subfield code="a">&#x41A;&#x438;&#x435;&#x432; :</subfield>
    <subfield code="b">&#x41D;&#x430;&#x443;&#x43A;&#x43E;&#x432;&#x430; &#x414;&#x443;&#x43C;&#x43A;&#x430;,</subfield>
    <subfield code="c">1977.</subfield>
  </datafield>
  <datafield tag="300" ind1=" " ind2=" ">
    <subfield code="a">126 c.;</subfield>
    <subfield code="b">20 cm.</subfield>
  </datafield>
  <datafield tag="653" ind1=" " ind2=" ">
    <subfield code="a">&#x10E9;&#x10E0;&#x10D3;&#x10D8;&#x10DA;&#x10DD;&#x10D4;&#x10D7; &#x10E8;&#x10D0;&#x10D5;&#x10D8; &#x10D6;&#x10E6;&#x10D5;&#x10D8;&#x10E1; &#x10E0;&#x10D4;&#x10D2;&#x10D8;&#x10DD;&#x10DC;&#x10D8; &#x10DE;&#x10DA;&#x10D8;&#x10DC;&#x10D8;&#x10E3;&#x10E1; &#x10E3;&#x10E4;&#x10E0;&#x10DD;&#x10E1;&#x10D8;&#x10E1; &#x10D0;&#x10E6;&#x10EC;&#x10D4;&#x10E0;&#x10D8;&#x10DA;&#x10DD;&#x10D1;&#x10D0;&#x10E8;&#x10D8;</subfield>
  </datafield>
  <datafield tag="653" ind1=" " ind2=" ">
    <subfield code="a">&#x10D8;&#x10E1;&#x10E2;&#x10DD;&#x10E0;&#x10D8;&#x10D0;</subfield>
  </datafield>
  <datafield tag="653" ind1=" " ind2=" ">
    <subfield code="a">&#x10D0;&#x10E0;&#x10E5;&#x10D4;&#x10DD;&#x10DA;&#x10DD;&#x10D2;&#x10D8;&#x10D0;</subfield>
  </datafield>
  <datafield tag="942" ind1=" " ind2=" ">
    <subfield code="2">udc</subfield>
    <subfield code="c">BK</subfield>
  </datafield>
  <datafield tag="952" ind1=" " ind2=" ">
    <subfield code="0">0</subfield>
    <subfield code="1">0</subfield>
    <subfield code="2">udc</subfield>
    <subfield code="4">0</subfield>
    <subfield code="6">9447775_C45</subfield>
    <subfield code="7">0</subfield>
    <subfield code="9">98326</subfield>
    <subfield code="a">CPL</subfield>
    <subfield code="b">CPL</subfield>
    <subfield code="c">GEN</subfield>
    <subfield code="d">2024-03-19</subfield>
    <subfield code="g">4.00</subfield>
    <subfield code="o">94(477.75) C-45</subfield>
    <subfield code="p">65767</subfield>
    <subfield code="r">2024-03-19</subfield>
    <subfield code="t">65767</subfield>
    <subfield code="u">&#x10D1;&#x10E1;&#x10E3;-&#x10E1; &#x10E1;&#x10D0;&#x10DE;&#x10D0;&#x10E2;&#x10D8;&#x10DD; &#x10D3;&#x10DD;&#x10E5;&#x10E2;&#x10DD;&#x10E0;&#x10D8;&#x10E1; &#x10D2;&#x10E3;&#x10E0;&#x10D0;&#x10DB; &#x10DA;&#x10DD;&#x10E0;&#x10D7;&#x10E5;&#x10D8;&#x10E4;&#x10D0;&#x10DC;&#x10D8;&#x10EB;&#x10D8;&#x10E1; &#x10E1;&#x10D0;&#x10E9;&#x10E3;&#x10E5;&#x10D0;&#x10E0;&#x10D8;</subfield>
    <subfield code="w">2024-03-19</subfield>
    <subfield code="y">BK</subfield>
    <subfield code="z">4 &#x10DA;.</subfield>
  </datafield>
</record>
